00446nam a2200157Ia 4500008004100000020001800041082001700059100002200076245004200098250000800140260005000148300003100198500001900229600002000248650002000268240925s9999 xx 000 0 und d a9789332584914 a330.0151 STU aStudenmund, A. H. 0aUsing Econometrics: a practical guide a7th aUttar Pradesh:bPearson Education Incc,2017. aVarious pagesb0fOriginal aIncludes Index aSocial Sciences aSocial Sciences